000 00496nam a22001575i 4500
001 171705
003 ES-MaACL
005 20230906214714.0
008 090526s1967 sp |||| | spa d
080 _a929 Soler Baqués, María
100 1 _aSoler Baqués, María.
_9140349
245 1 0 _aMi vida en siete cartas
_b: (verso y prosa) /
_cMaría Soler Baqués.
260 _aBarcelona :
_b[s.n.,
_c1967]
300 _a126 p. :
_b1 retr. autora ;
_c25 cm.
852 _aES-MaACL
_jC-31521
_9R.62266
999 _c171705
_d171705